000 01657cam a22003135a 4500
001 16808324
005 20171111110948.0
008 110603t2012 njua frb 001 0 eng d
010 _a 2011021743
020 _a9780691145457 (hardback)
040 _aDLC
_beng
_cDLC
_dDLC
_dEG-ScBUE
043 _ad------
082 0 4 _a338.90091724
_bROS
_222
100 1 _aRoss, Michael,
_d1961-
245 1 4 _aThe oil curse :
_bhow petroleum wealth shapes the development of nations /
_cMichael L. Ross.
260 _aPrinceton :
_bPrinceton University Press,
_cc.2012.
300 _axxi, 289 p. :
_bill. ;
_c24 cm.
504 _aIncludes bibliographical references and index.
505 0 _aThe paradoxical wealth of nations ; Apprendix: A note on methods and measurements -- The trouble with oil revenues -- More petroleum, less democracy ; Appendix: A statistical anaysis of oil and democracy -- Petroleum perpetuates patriarchy ; Appendix; a statistical analysis of oil and the status of women -- Oil-based violences ; Appendix: A statsitcal analysis of oil and civil conflcit -- Oil, economic growth, and political instituions --Good news and bad news about oil.
650 7 _aPetroleum industry and trade
_xGovernment policy
_zDeveloping countries.
_2BUEsh
650 7 _aRevenue
_zDeveloping countries.
_2BUEsh
650 7 _aPetroleum products
_xPrices.
_2BUEsh
650 7 _aWomen
_zDeveloping countries
_xSocial conditions.
_2BUEsh
650 7 _aNatural resources
_zDeveloping countries.
_2BUEsh
650 7 _aCivil war
_zDeveloping countries.
_2BUEsh
651 7 _aDeveloping countries
_xEconomic policy.
_2BUEsh
653 _bBUSBOL
_cNovember2017
942 _2ddc
999 _c25557
_d25529